Relatos salvajes
La película consta de seis episodios que alternan la intriga, la comedia y la violencia. Sus personajes se verán empujados hacia el abismo y hacia el innegable placer de perder el control, cruzando la delgada línea que separa la civilización de la barbarie.
Guardado en:
| Autor Principal: | |
|---|---|
| Autor Corporativo: | |
| Otros Autores: | , , , , , , |
| Formato: | |
| Idioma: | Undetermined |
| Publicado: |
Argentina :
INCAA,
2014.
|
| Materias: | |
| Etiquetas: |
Agregar Etiqueta
Sin Etiquetas, Sea el primero en etiquetar este registro!
|
| LEADER | 01265ngm a22002895a 4500 | ||
|---|---|---|---|
| 001 | CEM.cems020907 | ||
| 008 | 240312s2014####xx#---############vlund#d | ||
| 005 | 20240312173456.0 | ||
| 245 | 1 | 0 | |a Relatos salvajes |h [videograbación] / |c Damián Szifrón. |
| 260 | |a Argentina : |b INCAA, |c 2014. | ||
| 300 | |a 119'. | ||
| 520 | |a La película consta de seis episodios que alternan la intriga, la comedia y la violencia. Sus personajes se verán empujados hacia el abismo y hacia el innegable placer de perder el control, cruzando la delgada línea que separa la civilización de la barbarie. | ||
| 538 | |a Soporte: DVD -- Formato: AVI Peso: 700 mb -- Resolución: 640 x 272 -- 25 fps | ||
| 500 | |a Título original: Relatos salvajes Idioma: Español. | ||
| 590 | |a Identificación anterior: 354 | ||
| 100 | 1 | |a Szifrón, Damián. | |
| 700 | 1 | |a Darín, Ricardo; reparto. | |
| 700 | 1 | |a Grandinetti, Darío; reparto. | |
| 700 | 1 | |a Sbaraglia Leonardo; reparto. | |
| 700 | 1 | |a Rivas, Erica; reparto. | |
| 700 | 1 | |a Martínez, Oscar; reparto. | |
| 700 | 1 | |a Cortese, Rita; reparto. | |
| 700 | 1 | |a Duplaá, Nancy. | |
| 710 | 2 | |a INCAA. | |
| 653 | |a LARGOMETRAJE | ||
| 653 | |a COMEDIA NEGRA | ||
| 859 | |a CEMS |b BIB. CEMS - Depto. Recursos Didacticos |h 778.5 |i SZI-3 |k DRD |p 3292.24 |t Ej.1 | ||
